[Event "Leverkusen-ch op"]
[Site "Leverkusen"]
[Date "2010.04.12"]
[Round "6"]
[White "Seelig, Jochen"]
[Black "Nattkaemper, Udo"]
[Result "0-1"]
[WhiteElo "1426"]
[BlackElo "1065"]
[PlyCount "74"]
[EventDate "2010.01.18"]
[EventType "swiss"]
[EventRounds "7"]
[EventCountry "GER"]
[SourceTitle "EXT 2011"]
[Source "ChessBase"]
[SourceDate "2010.11.26"]
[SourceVersion "1"]
[SourceVersionDate "2010.11.26"]
[SourceQuality "1"]

1. Nf3 Nf6 2. b3 g6 3. Bb2 Bg7 4. g4 h6 5. h4 d5 6. Nh2 d4 7. g5 hxg5 8. hxg5 Ng4 9. Nxg4 Rxh1 10. e3 Bxg4 11. Qxg4 e5 12. Qg2 Rh5 13. Qxb7 Nd7 14. f4 a6 15. Bxa6 Rb8 16. Qd5 Nb6 17. Bb5+ Nd7 18. Bc4 Qe7 19. Ba3 Nb6 20. Qc6+ Qd7 21. Qxd7+ Kxd7 22. Bxf7 dxe3 23. Bb2 Rf8 24. Bxg6 exd2+ 25. Kxd2 Rh2+ 26. Kd3 e4+ 27. Bxe4 Bxb2 28. f5 Bxa1 29. c3 Rxa2 30. g6 Ke7 31. Kd4 Kf6 32. Kc5 Re8 33. Bd3 Rb2 34. b4 Re3 35. Kd4 Rxd3+ 36. Kxd3 Rxb1 37. Kc2 Rf1 0-1

[Event "Leverkusen-ch op"]
[Site "Leverkusen"]
[Date "2010.01.18"]
[Round "1"]
[White "Esser, Michael"]
[Black "Nattkaemper, Udo"]
[Result "1-0"]
[WhiteElo "2003"]
[BlackElo "1065"]
[PlyCount "59"]
[EventDate "2010.01.18"]
[EventType "swiss"]
[EventRounds "7"]
[EventCountry "GER"]
[SourceTitle "EXT 2011"]
[Source "ChessBase"]
[SourceDate "2010.11.26"]
[SourceVersion "1"]
[SourceVersionDate "2010.11.26"]
[SourceQuality "1"]

1. e4 e5 2. f4 exf4 3. Nf3 g5 4. h4 g4 5. Ne5 d6 6. Nxg4 Bg7 7. d4 Nf6 8. Nf2 Nc6 9. Bxf4 d5 10. e5 Ne4 11. Nxe4 dxe4 12. Bb5 Bd7 13. Nc3 Ne7 14. Qe2 Bxb5 15. Qxb5+ c6 16. Qxb7 0-0 17. Bg5 f6 18. Qb3+ Kh8 19. exf6 Bxf6 20. Bxf6+ Rxf6 21. 0-0-0 e3 22. d5 Rb8 23. dxc6 Qc7 24. Rd7 Qe5 25. Rxe7 Qf4 26. Re4 Qg3 27. Ne2 Qxg2 28. Qxb8+ Kg7 29. Qg3+ Qxg3 30. Nxg3 1-0